Реализм и внешняя политика США

Bibliografiske detaljer
Andre forfattere: Шэнь Динли (редактор), Жэнь Сяо
Summary:Книга на китайском языке.
Sprog:kinesisk
Udgivet: Шанхай, Третье объединение книжных магазинов Шанхая, 2004
Fag:
Format: Bog
KOHA link:https://koha.lib.tpu.ru/cgi-bin/koha/opac-detail.pl?biblionumber=117861

MARC

LEADER 00000nam0a2200000 4500
001 117861
005 20231031123939.0
010 |a 7542619748 
035 |a (RuTPU)RU\TPU\book\127568 
090 |a 117861 
100 |a 20070606d2004 km y0rusy50 ca 
101 0 |a chi 
102 |a CN 
105 |a y z 000zy 
200 1 |a Реализм и внешняя политика США  |f под ред. Шэнь Динли, Жэнь Сяо 
210 |a Шанхай  |c Третье объединение книжных магазинов Шанхая  |d 2004 
215 |a 408 с. 
300 |a Книга на китайском языке. 
610 1 |a политика 
610 1 |a внешняя политика 
610 1 |a США 
610 1 |a милитаризм 
610 1 |a реализм 
610 1 |a 20 век 
610 1 |a 21 век 
686 |a Ф4(7США)  |v LBC/SL-A  |2 rubbk 
702 0 |a Шэнь Динли  |4 340 
702 0 |a Жэнь Сяо  |4 340 
801 1 |a RU  |b 63413507  |c 20070606  |g PSBO 
801 2 |a RU  |b 63413507  |c 20220530  |g PSBO 
942 |c BK